[Event "Frome op 32nd"]
[Site "Frome"]
[Date "2023.05.12"]
[Round "1"]
[White "Khoury, Theo"]
[Black "Hollands, George E"]
[Result "1-0"]
[WhiteElo "2014"]
[BlackElo "1842"]
[PlyCount "93"]
[EventDate "2023.05.12"]
[EventType "swiss"]
[EventRounds "5"]
[EventCountry "ENG"]
[SourceTitle "EXT 2024"]
[Source "ChessBase"]
[SourceDate "2023.10.10"]
[SourceVersion "1"]
[SourceVersionDate "2023.10.10"]
[SourceQuality "1"]

1. e4 e6 2. d4 d5 3. Nc3 Bb4 4. exd5 exd5 5. Bd3 Nc6 6. Nf3 Bg4 7. 0-0 Nge7 8. h3 Bxf3 9. Qxf3 Nxd4 10. Qg4 Bxc3 11. bxc3 Ne6 12. f4 h5 13. Qe2 Qd6 14. f5 Nd8 15. Bf4 Qc5+ 16. Kh1 Kd7 17. Rfe1 Ndc6 18. Rab1 b6 19. f6 gxf6 20. Rb5 Qxc3 21. Bd2 Qe5 22. Qf3 Qd6 23. Bf4 Ne5 24. Bf5+ Kd8 25. Bxe5 fxe5 26. c4 c6 27. Rbb1 f6 28. cxd5 Nxd5 29. Rbc1 Ke7 30. Be4 Rad8 31. Red1 Qe6 32. Qa3+ Kf7 33. Qxa7+ Rd7 34. Qa4 c5 35. Qb3 Rhd8 36. Bd3 Ke7 37. Bc4 Rd6 38. Rd2 b5 39. Qxb5 Qc8 40. Qb1 R8d7 41. Rcd1 Qa8 42. Qh7+ Ke6 43. Qxh5 Qd8 44. Qg4+ Kf7 45. Qf5 Qa8 46. Rxd5 Rxd5 47. Qxd7+ 1-0

[Event "Frome op"]
[Site "Frome"]
[Date "2018.05.19"]
[Round "2"]
[White "Hollands, George E"]
[Black "Hurst, Eddie"]
[Result "1-0"]
[WhiteElo "1766"]
[BlackElo "1931"]
[PlyCount "75"]
[EventDate "2018.05.18"]
[EventType "swiss"]
[EventRounds "5"]
[EventCountry "ENG"]
[SourceTitle "CBM 184 Extra"]
[Source "ChessBase"]
[SourceDate "2018.06.28"]
[SourceVersion "1"]
[SourceVersionDate "2018.06.28"]
[SourceQuality "1"]

1. d4 c6 2. c4 d5 3. Nf3 Nf6 4. Nc3 dxc4 5. a4 Bf5 6. e3 e6 7. Bxc4 Bb4 8. 0-0 0-0 9. Qe2 Ne4 10. Bd2 Qa5 11. Nxe4 Bxe4 12. Bxb4 Qxb4 13. Ne5 Qe7 14. f3 Bg6 15. Nxg6 hxg6 16. a5 a6 17. Qd2 Nd7 18. Rfe1 e5 19. e4 exd4 20. Qxd4 Rfd8 21. Qc3 Ne5 22. Be2 g5 23. Rad1 Ng6 24. Bc4 Ne5 25. Bb3 Qc7 26. Rd5 Rxd5 27. exd5 Ng6 28. dxc6 bxc6 29. Rc1 Rc8 30. Bc4 Nf4 31. g3 Nh5 32. Kg2 Qa7 33. Qe5 Nf6 34. Qxg5 Qd4 35. Rc2 Rb8 36. b3 Ne4 37. Qf4 Re8 38. Bxf7+ 1-0

[Event "Frome op"]
[Site "Frome"]
[Date "2018.05.18"]
[Round "1"]
[White "Anderson, Peter W"]
[Black "Hollands, George E"]
[Result "1/2-1/2"]
[WhiteElo "1977"]
[BlackElo "1766"]
[PlyCount "83"]
[EventDate "2018.05.18"]
[EventType "swiss"]
[EventRounds "5"]
[EventCountry "ENG"]
[SourceTitle "CBM 184 Extra"]
[Source "ChessBase"]
[SourceDate "2018.06.28"]
[SourceVersion "1"]
[SourceVersionDate "2018.06.28"]
[SourceQuality "1"]

1. d4 d5 2. c4 c6 3. Nf3 Nf6 4. Nc3 dxc4 5. a4 Bf5 6. e3 e6 7. Bxc4 Bb4 8. 0-0 Nbd7 9. Qe2 Bg6 10. e4 0-0 11. Bd3 Qc7 12. e5 Nd5 13. Bxg6 hxg6 14. Bd2 Nxc3 15. bxc3 Be7 16. a5 c5 17. Bg5 Nb8 18. Qe4 Nc6 19. Qh4 f6 20. exf6 gxf6 21. Bh6 Rfe8 22. Qe4 Kf7 23. d5 Nd8 24. dxe6+ Nxe6 25. Rfe1 Bf8 26. Be3 Bd6 27. Qc4 Kg7 28. Bh6+ Kxh6 29. Rxe6 Rxe6 30. Qxe6 Qe7 31. Qh3+ Kg7 32. Re1 Qf7 33. Qg4 Re8 34. Rxe8 Qxe8 35. g3 b5 36. Nh4 Kh7 37. Nxg6 Qxg6 38. Qd7+ Kh6 39. Qxd6 Qb1+ 40. Kg2 Qe4+ 41. Kh3 Qf5+ 42. Kg2 1/2-1/2

[Event "Witney op-A"]
[Site "Witney"]
[Date "2015.10.18"]
[Round "5"]
[White "Hollands, George E"]
[Black "Holton, Jake"]
[Result "1/2-1/2"]
[WhiteElo "1750"]
[BlackElo "1702"]
[PlyCount "80"]
[EventDate "2015.10.17"]
[EventType "swiss"]
[EventRounds "5"]
[EventCountry "ENG"]
[SourceTitle "CBM 169 Extra"]
[Source "ChessBase"]
[SourceDate "2015.12.18"]
[SourceVersion "1"]
[SourceVersionDate "2015.12.18"]
[SourceQuality "1"]

1. d4 d5 2. c4 c6 3. Nf3 Nf6 4. Qc2 g6 5. Bf4 Bg7 6. e3 0-0 7. Nc3 Nbd7 8. cxd5 cxd5 9. Nb5 Qa5+ 10. Qd2 Qxd2+ 11. Nxd2 a6 12. Nc3 b5 13. Rc1 Nb6 14. b3 Be6 15. Bd3 Rfc8 16. 0-0 Nh5 17. Ne2 Rxc1 18. Rxc1 Rc8 19. Rxc8+ Bxc8 20. Bc7 Nd7 21. b4 Nhf6 22. Nb3 Ne8 23. Ba5 Nd6 24. Nc5 Nc4 25. Bxc4 dxc4 26. f4 Nxc5 27. bxc5 Bb7 28. Kf2 e6 29. a3 h5 30. Nc3 f5 31. Na2 Kf7 32. Nb4 Ke7 33. h3 h4 34. g3 hxg3+ 35. Kxg3 Bf6 36. Kf2 Kd7 37. Ke2 g5 38. fxg5 Bxg5 39. Kf2 Bh4+ 40. Kf1 Bg5 1/2-1/2